000 00280nam a2200145Ia 4500
100 _aRobertson/ Greg
942 _cBK
654 _acomputer
245 _aHands on HTML
260 _bB.P.B
_c1999
082 _a4.65
_bROB
300 _a546
546 _aENGLISH
999 _c29450
_d29450